| 000 | 00551nam a22001937a 4500 | ||
|---|---|---|---|
| 005 | 20241205170055.0 | ||
| 010 | _aENG-142856 | ||
| 020 |
_c800.00 _a9789395276009 |
||
| 035 | _aEN-126388 | ||
| 037 | _bDBAD | ||
| 082 | _a230.2 | ||
| 100 |
_aWilson, H.H. _974755 |
||
| 245 |
_aKumara Sambhavam or the birth of war-god/ _cby H.H. Wilson |
||
| 250 | _a1 | ||
| 260 |
_aVaranasi _bPrachya Vidya Bhawan _c2023 |
||
| 270 |
_aB5/25 Oudhgarvi, Sonarpura _bVaranasi _e221001 |
||
| 300 |
_a186p. _c23cm(Hb) |
||
| 942 |
_2ddc _cEN _h230.2 _mWIL |
||
| 999 |
_c207446 _d207446 |
||